Metód találkozása az "ugor királlyal"

Elmentve itt :
Bibliográfiai részletek
Szerző: H. Tóth Imre
Dokumentumtípus: Könyv része
Megjelent: 1995
Sorozat:Kelet és nyugat között : történeti tanulmányok Kristó Gyula tiszteletére
Kulcsszavak:Őstörténet
Online Access:http://acta.bibl.u-szeged.hu/65197
LEADER 00661naa a2200181 i 4500
001 acta65197
005 20260224081030.0
008 200210s1995 hu o 000 hun d
020 |a 963 482 083 2 
040 |a SZTE Egyetemi Kiadványok Repozitórium  |b hun 
041 |a hun 
100 2 |a H. Tóth Imre 
245 1 0 |a Metód találkozása az "ugor királlyal"  |h [elektronikus dokumentum] /  |c  H. Tóth Imre 
260 |c 1995 
300 |a 191-196 
490 0 |a Kelet és nyugat között : történeti tanulmányok Kristó Gyula tiszteletére 
695 |a Őstörténet 
856 4 0 |u http://acta.bibl.u-szeged.hu/65197/1/1995_kelet_es_nyugat_kozott_191-196.pdf  |z Dokumentum-elérés